000 00676nam a2200289Ia 4500
005 20260324140511.0
008 008 260324s9999 xx 000 0 eng d
020 _a9780429472664
037 _aEBOOK
040 _aCRL
040 _beng
040 _cCRL
041 _2eng
041 _aeng
084 _qCRL
100 _aThomas Freeman
_91204630
245 0 _aBut Facts Exist
245 3 _bAn Enquiry into Psychoanalytic Theorizing
260 _bTaylor and Francis
260 _c1998
365 _a
365 _b200
856 _uhttp://www.taylorfrancis.com/books/9780429472664
942 _cEBOOK
999 _c1806785
_d1806785